Introduction to Programming (Record no. 11360)
[ view plain ]
| 000 -LEADER | |
|---|---|
| fixed length control field | 00554nam a22001817a 4500 |
| 005 - DATE AND TIME OF LATEST TRANSACTION | |
| control field | 20260223020436.0 |
| 008 - FIXED-LENGTH DATA ELEMENTS--GENERAL INFORMATION | |
| fixed length control field | 260223b |||||||| |||| 00| 0 eng d |
| 020 ## - INTERNATIONAL STANDARD BOOK NUMBER | |
| International Standard Book Number | 981 4410 190 5 |
| 040 ## - CATALOGING SOURCE | |
| Transcribing agency | JHCSC |
| 082 ## - DEWEY DECIMAL CLASSIFICATION NUMBER | |
| Classification number | 005.1 |
| 100 ## - MAIN ENTRY--PERSONAL NAME | |
| 9 (RLIN) | 10172 |
| Personal name | Charles W. Herbert |
| Relator term | Author |
| 245 ## - TITLE STATEMENT | |
| Title | Introduction to Programming |
| Remainder of title | Using ALICE 2.2 |
| 250 ## - EDITION STATEMENT | |
| Edition statement | 2nd Edition |
| Remainder of edition statement | Philippine Edition |
| 260 ## - PUBLICATION, DISTRIBUTION, ETC. | |
| Place of publication, distribution, etc. | Pasig City Philippines |
| Name of publisher, distributor, etc. | Cangage Learning |
| Date of publication, distribution, etc. | 2012 |
| 300 ## - PHYSICAL DESCRIPTION | |
| Extent | xxi,345 pages |
| Other physical details | Includes Illustration |
| 760 ## - MAIN SERIES ENTRY | |
| Edition | 2nd edition |
| 942 ## - ADDED ENTRY ELEMENTS (KOHA) | |
| Source of classification or shelving scheme | Dewey Decimal Classification |
| Koha item type | Book |
| Edition | 2nd edition |
| Withdrawn status | Lost status | Source of classification or shelving scheme | Damaged status | Not for loan | Collection code | Home library | Current library | Shelving location | Date acquired | Total Checkouts | Full call number | Barcode | Date last seen | Price effective from | Koha item type |
|---|---|---|---|---|---|---|---|---|---|---|---|---|---|---|---|
| Dewey Decimal Classification | Information Technology | JHCSC - Canuto MS Enero Campus Library | JHCSC - Canuto MS Enero Campus Library | Circulation | 11/11/2014 | 005.1 H536 2012 | 2014 1310 | 02/23/2026 | 02/23/2026 | Book | |||||
| Dewey Decimal Classification | Information Technology | JHCSC - Canuto MS Enero Campus Library | JHCSC - Canuto MS Enero Campus Library | Circulation | 11/11/2014 | 005.1 H536 2012 | 2014 1312 | 02/23/2026 | 02/23/2026 | Book | |||||
| Dewey Decimal Classification | Information Technology | JHCSC - Canuto MS Enero Campus Library | JHCSC - Canuto MS Enero Campus Library | Circulation | 11/11/2014 | 005.1 H536 2012 | 2014 1311 | 02/23/2026 | 02/23/2026 | Book |